00371nam a2200109Ia 4500008004100000020001800041245008400059260002500143650003800168650001400206856004100220171212s9999 xx 000 0 und d a9780857456021 ceditor Mitchell, Claudia;Rentschler, CarrieaGirlhood and the Politics of Place bBerghahn Booksc2016 aGirls; Girls -- Social conditions aSociology uhttp://jstor.org/stable/j.ctt14jxn16